Statistiche per Partiti politici italiani - XII Legislatura

Clicka qui per fare il quiz!

Statistiche generali

  • Questo quiz è stato fatto 4 volte
  • Il punteggio medio è 10 su 19

Statistiche sulle risposte

Seggi CameraSeggi SenatoCollocazionePartito politico% Corretto
178Centro-sinistraAlleanza Democratica
100%
10948DestraAlleanza Nazionale-MSI
100%
10734Centro-destraForza Italia
100%
11760TrasversalismoLega Nord
75%
3918SinistraPartito della Rifondazione Comunista
75%
11468SinistraPartito Democratico della Sinistra
75%
169Centro-sinistraPartito Socialista Italiano
75%
33CentroSüdtiroler Volkspartei
75%
2712Centro-destraCentro Cristiano Democratico
50%
3331Centro / Centro-sinistraPartito Popolare Italiano
50%
130CentroPatto Segni
50%
117Centro-sinistra / SinistraFederazione dei Verdi
25%
86Centro / Centro-sinistraLa Rete
25%
10Estrema destraLega d'Azione Meridionale
25%
62Centro / Centro-sinistraLista Pannella - Riformatori
25%
11CentroVallée d'Aoste - Autonomie Progrès Fédéralisme
25%
86Centro-sinistraCristiano Sociali
0%
01Centro-sinistraGruppo Magris
0%
01SinistraLega Alpina Lumbarda
0%

Distribuzione punteggi

Percentile per numero di risposta

Percentuale di utenti per punteggio

I tuoi punteggi nel tempo

Non hai fatto questo quiz